| 000 | 00393nam a2200145Ia 4500 | ||
|---|---|---|---|
| 008 | 150201s2007 xx 000 0 und d | ||
| 082 |
_a617.6342 _bO2007S |
||
| 100 | _aSATISH CHANDERA | ||
| 245 | _aTEXT BOOK OF OPERATIVE DENTISTRY | ||
| 250 | _a1ST | ||
| 260 |
_bJAYPEE MEDICAL PUBLISHER _aDELHI _c2007 |
||
| 300 | _a1-424 | ||
| 650 | _aCONSERVATIVE DENTISTRY & ENDODONTICS | ||
| 942 |
_2ddc _cBK |
||
| 999 |
_c3818 _d3818 |
||